00631 2200229 4500001002100000005001700021008004100038035002400079090001500103100001900118245007100137250001100208260004200219300002900261500001100290650003700301850001600338980001300354985000600367986001300373999001500386YOGYA-0209000001679520090227022703.0 ind  0010-020900000016795 a375bWil C aWILES, Kimball aThe Changing curriculum of the American High SchoolcKimball Wiles aCet. 6 aEnglewood CliffsbPrentice-Hallc1968 avi, 331 hlmbilusc23 cm aIndeks aPendidikan - Kurikulum - Amerika aYOPDYOG(B)_ a28-11-05 a1 afwhRTREV aa000010350